000 00340nam a2200133 i 4500
001 bg
100 1 _aRÓŻAŃSKI, L.
245 0 _aPrzemiany pestycydów w organizmach żywych i środowisku /
_cL. Różański.
260 _aWarszawa,
_c1992.
040 _cBPK
041 _apol
942 _cKS
008 s pl f |000 0 pol
999 _c29728
_d29728
856 _uhttp://koha.tu.koszalin.pl/cgi-bin/koha/opac-detail.pl?biblionumber=29728
_yKatalog online BPK